00213nam a2200097Ia 4500008004100000100001500041245001500056260002300071260000900094546001200103170619s9999 xx 000 0 und d aTAXALI- RK 0aFOXPRO 2.5 bPEARSON EDU. DELHI c1996 aENGLISH